000 00528nam a22001697a 4500
005 20251108172749.0
008 250721s1998 xx 000 0 ara d
082 1 4 _a819/مقد
100 1 _aالمقدسي، أنيس
_eمؤلف
245 1 0 _aتطور الأساليب النثرية في الأدب العربي /
264 1 _aبيروت :
_bدار العلم للملايين،
_c1998.
300 _a250ص
650 1 7 _aالأدب العربي
650 1 7 _aالنثر العربي
942 _2ddc
_cBK
999 _c87904
_d87904